000 002850000a22000970004500
100 1 _aMathews, Ed.
245 1 0 _aYahweh and the Gods : A theology fo world religions
300 _aVol. 14, Núm 1 (1997), Páginas 27-32
773 0 _tInternational Journal of Frontier Misions
942 _cANA
999 _c55215
_d55215